000 00390nam a2200181Ia 4500
003 0STCL
008 150530s9999 xx 000 0 und d
040 _aSTCL
_cSTCL
100 _aSahni, M.R.
245 _aMan in evolution
250 _aFirst
260 _bOrient Longman
_c1952
300 _a0
546 _aEnglish
942 _2ddc
_cBK
999 _c38809
_d38809
005 20220125170447.0